000 00494nam a2200193Ia 4500
005 20240823052635.0
008 240823s9999||||xx |||||||||||||| ||und||
020 _a978-81-931514-0-2
041 _aTAMIL
082 _A112.54 Q5
100 _aThandavan Ra
245 0 _aThamilaga Araciyalil Anaiindiya Anna Tiravida Muneata Kalagam Aakamum Thaakamum
250 _a1st
260 _c2015
_bElilini Pathi
500 _aYES
650 _aGeneral
_bGeneral
942 _cBK
999 _c222347
_d222347